00334nam a2200133Ia 45000010005000000080041000050200018000460820020000641000025000842450025001092600024001349010027001589990015001852527241024s9999 xx 000 0 und d a99934-78-08-3 aRD/863.44/P438c aMario Emilio Pérez 0aCuentos de vividores bSanto Domingoc2004 a8/10/2012 1:20:13 p.m. c7797d7797